[Event "Remembering Ruy Lopez"]
[Site "SchemingMind.com"]
[Date "2008.04.01"]
[Round "-"]
[White "holandes"]
[Black "Philip"]
[Result "1-0"]
[WhiteCountry "POR"]
[BlackCountry "INT"]
[WhiteElo "1457"]
[WhiteRD "74"]
[BlackElo "1605"]
[BlackRD "68"]
[GameID "147848"]

1. e4 e5 2. Nf3 Nc6 3. Bb5 a6 4. Ba4 Bc5 5. c3 Nge7 6. d3 O-O 7. O-O Ng6 8. g3 Nce7 9. d4 exd4 10. cxd4 Ba7
11. Bg5 d5 12. e5 b5 13. Bb3 Be6 14. Nc3 c6 15. Bc2 Qd7 16. Re1 Nc8 17. Bd3 Bg4 18. Re3 Bxd4 19. Re1 Nxe5 20. Be2 Nxf3+
21. Bxf3 Bxf3 22. Qxf3 Bb6 23. Rad1 f6 24. Bf4 Ne7 25. Ne4 Ng6 26. Be3 Ne5 27. Qe2 Ba5 28. Nc5 Qf5 29. Rf1 Nf3+ 30. Kg2 Ne5
31. f4 Ng4 32. Bd4 Rfe8 33. Qf3 Qc2+ 34. Kh3 Qxh2+ 35. Kxg4 h5+ 36. Kf5 Qh3+ 37. Kg6 Qg4+ 38. Qxg4 hxg4 39. Rh1 Ra7 40. Rh4 Re1
41. Rd3
1-0

[Event "Remembering Ruy Lopez"]
[Site "SchemingMind.com"]
[Date "2008.03.27"]
[Round "-"]
[White "holandes"]
[Black "cnbcad"]
[Result "1-0"]
[WhiteCountry "POR"]
[BlackCountry "USA"]
[WhiteElo "1457"]
[WhiteRD "74"]
[BlackElo "1635"]
[BlackRD "50"]
[GameID "147849"]

1. e4 e5 2. Nf3 Nc6 3. Bb5 a6 4. Ba4 b5 5. Bb3 h6 6. Bd5 Bb7 7. Nxe5 Qf6 8. d4 Nxe5 9. Bxb7 Ra7 10. Bd5 Nc4
11. e5 Bb4+ 12. c3 Bxc3+ 13. Nxc3 Qe7 14. a3 d6 15. Bc6+ Kd8 16. Qe2 dxe5 17. O-O exd4 18. Rd1 Qf6 19. Qe8#
1-0

[Event "Remembering Ruy Lopez"]
[Site "SchemingMind.com"]
[Date "2008.03.27"]
[Round "-"]
[White "holandes"]
[Black "Brerrabbit"]
[Result "0-1"]
[WhiteCountry "POR"]
[BlackCountry "SCO"]
[WhiteElo "1457"]
[WhiteRD "74"]
[BlackElo "1480"]
[BlackRD "64"]
[GameID "147850"]

1. e4 e5 2. Nf3 Nc6 3. Bb5 a6 4. Ba4 b5 5. Bb3 Nf6 6. Bd5 Nxd5 7. exd5 e4 8. Ng1 Nb4 9. Nc3 d6 10. a3 Nxd5
11. Nxd5 Be6 12. Nf4 Qf6 13. Nge2 Bg4 14. Nd5 Qd8 15. O-O Be6 16. Nec3 c6 17. Nb4 c5 18. Nba2 b4 19. axb4 Be7 20. Nxe4 cxb4
21. b3 d5 22. Ng3 O-O 23. d3 Bd6 24. Ne2 Qb8 25. g3 Bh3 26. Re1 Be5 27. d4 Bd6 28. Nf4 Qc8 29. Nxd5 Qc6 30. Naxb4 Bxb4
31. Nxb4 Qg2#
0-1

[Event "Remembering Ruy Lopez"]
[Site "SchemingMind.com"]
[Date "2008.03.28"]
[Round "-"]
[White "holandes"]
[Black "iain"]
[Result "0-1"]
[WhiteCountry "POR"]
[BlackCountry "USA"]
[WhiteElo "1457"]
[WhiteRD "74"]
[BlackElo "1456"]
[BlackRD "65"]
[GameID "147852"]

1. e4 e5 2. Nf3 Nc6 3. Bb5 a6 4. Ba4 Nf6 5. Nc3 b5 6. Bb3 Be7 7. Ng5 O-O 8. a3 h6 9. Nxf7 Rxf7 10. Bxf7+ Kxf7
11. Qf3 Kg8 12. h3 Nd4 13. Qd3 d5 14. O-O Bb7 15. f4 Qd6 16. b4 dxe4 17. Qg3 Nf5 18. Qf2 Nh5 19. g4 Nxf4 20. gxf5 Nxh3+
0-1

[Event "Remembering Ruy Lopez"]
[Site "SchemingMind.com"]
[Date "2008.03.29"]
[Round "-"]
[White "holandes"]
[Black "cnile"]
[Result "1/2-1/2"]
[WhiteCountry "POR"]
[BlackCountry "SCO"]
[WhiteElo "1453"]
[WhiteRD "78"]
[BlackElo "1454"]
[BlackRD "67"]
[GameID "147853"]

1. e4 e5 2. Nf3 Nc6 3. Bb5 a6 4. Ba4 Nf6 5. Nc3 b5 6. Bb3 d6 7. Ng5 d5 8. exd5 Nb4 9. d6 cxd6 10. Nxf7 Qd7
11. Nxh8 d5 12. h3 Bb7 13. Nf7 Qxf7 14. a3 Nc6 15. d3 O-O-O 16. Bg5 Bc5 17. O-O Rd6 18. a4 Qg6 19. Bxf6 Rxf6 20. Qd2 Nd4
21. Kh1 Nxb3 22. cxb3 d4 23. f3 dxc3 24. Qxc3 Rc6 25. Qxe5 Bd6 26. Qd4 Rc5 27. Rac1 Bxf3 28. gxf3 Qg3 29. Qf2 Qxh3+ 30. Kg1 Kd7
31. Rxc5 Bxc5 32. Qxc5 Qg3+ 33. Kh1 Qh3+ 34. Kg1 Qg3+ 35. Kh1 Qh3+ 36. Kg1 Qg3+ 37. Kh1 Qh3+ 38. Kg1
1/2-1/2

[Event "Remembering Ruy Lopez"]
[Site "SchemingMind.com"]
[Date "2008.04.01"]
[Round "-"]
[White "holandes"]
[Black "jhobeck"]
[Result "1-0"]
[WhiteCountry "POR"]
[BlackCountry "USA"]
[WhiteElo "1479"]
[WhiteRD "79"]
[BlackElo "1255"]
[BlackRD "79"]
[GameID "147854"]

1. e4 e5 2. Nf3 Nc6 3. Bb5 a6 4. Ba4 Nf6 5. c3 d6 6. Na3 Bg4 7. d3 b5 8. Bb3 Qe7 9. Bg5 h6 10. Bxf6 Qxf6
11. Bd5 Ne7 12. Bxa8 Ng6 13. O-O Be7 14. Bc6+ Kd8 15. h3 Qf4 16. Bb7 Bxf3 17. Qxf3 Nh4 18. Qxf4 exf4 19. Bxa6 f3 20. g3 Ng2
21. Nxb5 c6 22. Nd4 c5 23. Nxf3 Ne3 24. fxe3 Re8 25. e5 d5 26. a4 f6 27. Bb5 Rf8 28. a5 f5 29. a6 Kc7 30. c4 dxc4
31. dxc4 Kb6 32. Rfd1 g5 33. Rd7
1-0

[Event "Remembering Ruy Lopez"]
[Site "SchemingMind.com"]
[Date "2008.03.28"]
[Round "-"]
[White "holandes"]
[Black "Bacon"]
[Result "1-0"]
[WhiteCountry "POR"]
[BlackCountry "BER"]
[WhiteElo "1457"]
[WhiteRD "74"]
[BlackElo "1284"]
[BlackRD "76"]
[GameID "147855"]

1. e4 e5 2. Nf3 Nc6 3. Bb5 a6 4. Ba4 b5 5. Bb3 d6 6. h3 Nf6 7. Ng5 Be6 8. Bxe6 fxe6 9. Nxe6 Qe7 10. Ng5 Nd4
11. d3 c5 12. c3 a5 13. cxd4 cxd4 14. Bd2 h6 15. Nf3 Qc7 16. Nh4 Rg8 17. Nf5 a4 18. Na3 g6 19. Nxb5 Qc5 20. Nbxd6+ Bxd6
21. Nxh6 Rh8 22. Ng4 Nxg4 23. Qxg4 Rg8 24. Qe6+ Kf8 25. Bh6+ Rg7 26. Qxg6 Ra7 27. Qf6+ Kg8 28. Bxg7 Rxg7 29. O-O Be7 30. Qa6 Qb4
31. Rfb1 Kh7 32. a3 Qd2 33. Qxa4 Bh4 34. Rf1 Qxb2 35. Qe8 Qe2 36. Rae1 Qxd3 37. Qh5+ Kg8 38. Qxh4 Qxa3 39. Rd1 d3 40. Qf6 Qb4
41. Qxe5 d2 42. Qd5+ Kh7 43. Rxd2 Qc3 44. f4 Qg3 45. f5 Rg8 46. f6 Rf8 47. e5 Qe3+ 48. Kh1 Qg3 49. f7 Qg6 50. e6 Kg7
51. Qe5+ Kh7 52. Rd6 Kh6 53. Rf6 Kg7 54. Rxg6+ Kxg6 55. e7+ Kxf7 56. exf8=Q+ Kxf8 57. Rf6+ Kg7 58. Qg5+ Kh7 59. Rh6#
1-0

[Event "Remembering Ruy Lopez"]
[Site "SchemingMind.com"]
[Date "2008.03.31"]
[Round "-"]
[White "holandes"]
[Black "mmccaffe"]
[Result "0-1"]
[WhiteCountry "POR"]
[BlackCountry "USA"]
[WhiteElo "1479"]
[WhiteRD "79"]
[BlackElo "1634"]
[BlackRD "50"]
[GameID "147856"]

1. e4 e5 2. Nf3 Nc6 3. Bb5 a6 4. Ba4 Nf6 5. d3 b5 6. Bb3 Be7 7. Ng5 O-O 8. a3 h6 9. Nf3 d6 10. Nc3 Be6
11. d4 exd4 12. Nxd4 Nxd4 13. Qxd4 Bxb3 14. cxb3 c5 15. Qd3 Qa5 16. Bd2 b4 17. Nd5 Nxd5 18. exd5 Bf6 19. Qc2 Rfe8+ 20. Kd1 Qb5
21. Be3 Re7 22. Kd2 Rae8 23. Rhe1 Bd4 24. a4 Bxe3+ 25. fxe3 Qd7 26. h3 a5 27. Qc4 Qb7 28. g4 Re4 29. Qb5 Qxd5+ 30. Kc2 Rxe3
31. Rxe3 Rxe3 32. Qc4 Qg2+ 33. Kb1 Qe4+ 34. Ka2 Qxc4 35. bxc4 Rxh3 36. b3 Rg3 37. Rd1 Rxg4 38. Rxd6 h5 39. Ra6 h4 40. Rxa5 h3
41. Rxc5 Rg2+
0-1

[Event "Remembering Ruy Lopez"]
[Site "SchemingMind.com"]
[Date "2008.04.01"]
[Round "-"]
[White "Philip"]
[Black "holandes"]
[Result "1-0"]
[WhiteCountry "INT"]
[BlackCountry "POR"]
[WhiteElo "1605"]
[WhiteRD "68"]
[BlackElo "1457"]
[BlackRD "74"]
[GameID "147857"]

1. e4 e5 2. Nf3 Nc6 3. Bb5 a6 4. Ba4 Bb4 5. O-O a5 6. c3 Bc5 7. d4 exd4 8. cxd4 Bb6 9. Ng5 f6 10. Nf3 Nge7
11. e5 Rf8 12. exf6 gxf6 13. Qd3 Rf7 14. Bb3 Rg7 15. Be3 d6 16. Nc3 Bf5 17. Qd2 a4 18. Nxa4 Ba5 19. Nc3 Nb4 20. Nh4 Bd7
21. a3 Nbd5 22. Bh6 Rg4 23. g3 Bb5 24. Rfe1 Kf7 25. Bxd5+ Nxd5 26. b4 Nxc3 27. Qxc3 Bb6 28. Nf5 Qd7 29. Re7+
1-0

[Event "Remembering Ruy Lopez"]
[Site "SchemingMind.com"]
[Date "2008.03.28"]
[Round "-"]
[White "cnbcad"]
[Black "holandes"]
[Result "1-0"]
[WhiteCountry "USA"]
[BlackCountry "POR"]
[WhiteElo "1635"]
[WhiteRD "50"]
[BlackElo "1457"]
[BlackRD "74"]
[GameID "147858"]

1. e4 e5 2. Nf3 Nc6 3. Bb5 a6 4. Ba4 Bb4 5. c3 Ba5 6. Bxc6 bxc6 7. Qa4 f6 8. Qxa5 Ne7 9. d4 d6 10. Qa4 Bd7
11. Qc4 d5 12. exd5 cxd5 13. Qc5 c6 14. dxe5 Rb8 15. exf6 gxf6 16. Bf4 Rxb2 17. O-O Rb5 18. Qd4 Nf5 19. Re1+ Kf7 20. Qd3 Ng7
21. Bd6 Kg8 22. Na3 Bf5 23. Qe3 Rb7 24. Qc5 Be6 25. Qxc6 Qd7 26. Qxa6 Ne8 27. Bg3 Kf7 28. Be5 Ra7 29. Qb6 Rxa3 30. h3 Rg8
31. Bxf6 Nxf6 32. Ne5+
1-0

[Event "Remembering Ruy Lopez"]
[Site "SchemingMind.com"]
[Date "2008.03.29"]
[Round "-"]
[White "Brerrabbit"]
[Black "holandes"]
[Result "1-0"]
[WhiteCountry "SCO"]
[BlackCountry "POR"]
[WhiteElo "1480"]
[WhiteRD "64"]
[BlackElo "1457"]
[BlackRD "74"]
[GameID "147859"]

1. e4 e5 2. Nf3 Nc6 3. Bb5 a6 4. Ba4 Bb4 5. Bxc6 bxc6 6. Nxe5 Qg5 7. Nf3 Qxg2 8. Rg1 Qh3 9. Rg3 Qh6 10. Nc3 Qe6
11. Ng5 Qd6 12. Qf3 f6 13. a3 Bc5 14. Nh3 g5 15. b4 Bd4 16. Bb2 Be5 17. Rg2 Bxh2 18. O-O-O Be5 19. Qh5+ Ke7 20. Na4 Bd4
21. c3 Ba7 22. f4 gxf4 23. Rg7+ Kd8 24. c4 Ne7 25. c5 Qe6 26. e5 d6 27. Nxf4 Qc4+ 28. Kb1 Qxf4 29. Qf7 Nd5 30. e6 Qf5+
31. Ka1 Bxe6 32. Bxf6+ Nxf6 33. Qxc7+ Ke8 34. Qe7#
1-0

[Event "Remembering Ruy Lopez"]
[Site "SchemingMind.com"]
[Date "2008.03.28"]
[Round "-"]
[White "iain"]
[Black "holandes"]
[Result "1-0"]
[WhiteCountry "USA"]
[BlackCountry "POR"]
[WhiteElo "1456"]
[WhiteRD "65"]
[BlackElo "1457"]
[BlackRD "74"]
[GameID "147861"]

1. e4 e5 2. Nf3 Nc6 3. Bb5 a6 4. Ba4 Bb4 5. O-O a5 6. c3 Bc5 7. d4 exd4 8. Bxc6 dxc6 9. cxd4 Bb6 10. Nc3 Ba7
11. Re1 Bg4 12. Be3 Nf6 13. e5 Nd5 14. h3 Bxf3 15. Qxf3 Qd7 16. Nxd5 cxd5 17. Rec1 a4 18. a3 c6 19. Qf4 O-O 20. Rab1 f6
21. b4 Bb8 22. Qg3 fxe5 23. dxe5 Qe6 24. f4 Qc8 25. Bd4 Qd7 26. Bc5 Rf7 27. Re1 Qe6 28. Rf1 Rf5 29. Rf3 Bc7 30. Qg4 g6
31. b5 b6 32. Bf2 Kf7 33. bxc6 Qxc6 34. h4 Rg8 35. Be3 Qc2 36. Rc1 Qe4 37. Rxc7+ Ke6 38. Rxh7 d4 39. Bd2 d3 40. Rh6 Kf7
41. e6+ Qxe6 42. Re3 Qd7 43. Re5 b5 44. Rh7+ Rg7 45. Rxf5+ Qxf5 46. Qxf5+ gxf5 47. Rxg7+ Kxg7 48. Kh2 Kf6 49. h5 Kg7 50. Kh3 Kh6
51. Kh4 Kg7 52. Kg5 Kh7 53. Kxf5 Kh6 54. g4
1-0

[Event "Remembering Ruy Lopez"]
[Site "SchemingMind.com"]
[Date "2008.03.28"]
[Round "-"]
[White "cnile"]
[Black "holandes"]
[Result "1-0"]
[WhiteCountry "SCO"]
[BlackCountry "POR"]
[WhiteElo "1465"]
[WhiteRD "66"]
[BlackElo "1457"]
[BlackRD "74"]
[GameID "147862"]

1. e4 e5 2. Nf3 Nc6 3. Bb5 a6 4. Ba4 Bb4 5. c3 Bc5 6. O-O d6 7. d4 Ba7 8. d5 b5 9. Bc2 Nce7 10. Nbd2 Ng6
11. Re1 Nf6 12. Nf1 h6 13. Ng3 Ng4 14. Be3 Bb6 15. Bxb6 cxb6 16. Qd2 Nf4 17. a4 Bb7 18. axb5 axb5 19. h3 Nf6 20. Nf5 Rg8
21. Rac1 g6 22. Nxh6 Rg7 23. g3 Nxh3+ 24. Kg2 Qc8 25. Rh1 Ra2 26. Rxh3 Rxb2 27. Qg5 Ke7 28. Nf5+ gxf5 29. Qxg7 Qxc3 30. Ng5 fxe4
31. Qxf7+ Kd8 32. Ne6+ Kc8 33. Rh8+
1-0

[Event "Remembering Ruy Lopez"]
[Site "SchemingMind.com"]
[Date "2008.04.01"]
[Round "-"]
[White "jhobeck"]
[Black "holandes"]
[Result "0-1"]
[WhiteCountry "USA"]
[BlackCountry "POR"]
[WhiteElo "1255"]
[WhiteRD "79"]
[BlackElo "1479"]
[BlackRD "79"]
[GameID "147863"]

1. e4 e5 2. Nf3 Nc6 3. Bb5 a6 4. Ba4 Bb4 5. c3 Ba5 6. O-O d6 7. d4 Bd7 8. d5 Nce7 9. Nbd2 c6 10. Nc4 cxd5
11. Ne3 dxe4 12. Ng5 h6 13. Bb3 hxg5 14. Nd5 Rh4 15. Ne3 Nf6 16. Nc4 Bb5 17. Bxg5 Rh7 18. Qd2 Nc8 19. Ne3 Bxf1 20. Kxf1 Rxh2
21. Rd1 Qd7 22. Nc4 Bc7 23. Ne3 Ng4 24. Nd5 f6 25. Be3 Ne7 26. Nxc7+ Qxc7 27. Ba4+ Kf8 28. Bc2 f5 29. Bg5 f4 30. Bxe4 Rd8
31. Bh7 Rxh7 32. f3 Rh1+ 33. Ke2 Rh2 34. Kd3 Ne3
0-1

[Event "Remembering Ruy Lopez"]
[Site "SchemingMind.com"]
[Date "2008.03.28"]
[Round "-"]
[White "Bacon"]
[Black "holandes"]
[Result "0-1"]
[WhiteCountry "BER"]
[BlackCountry "POR"]
[WhiteElo "1284"]
[WhiteRD "76"]
[BlackElo "1457"]
[BlackRD "74"]
[GameID "147864"]

1. e4 e5 2. Nf3 Nc6 3. Bb5 a6 4. Ba4 b5 5. Bb3 Nd4 6. Bd5 Rb8 7. Nxe5 Nh6 8. d3 d6 9. Nc6 Nxc6 10. Bxc6+ Bd7
11. Bxh6 gxh6 12. Bxd7+ Qxd7 13. O-O Bg7 14. c3 b4 15. Qb3 a5 16. h3 O-O 17. Nd2 bxc3 18. Qd1 cxb2 19. Rb1 a4 20. Nc4 Bd4
21. Nxb2 Bxb2 22. d4 a3 23. Qe2 Qa4 24. Qd1 Qc4 25. Re1 Qxa2 26. Re2 Qc4 27. Rc2 Qa6 28. d5 a2 29. Rbxb2 a1=Q 30. Qxa1 Qxa1+
31. Kh2 Rxb2 32. Rxc7 Qf1 33. Rd7 Qxf2 34. Rxd6 Qxg2#
0-1

[Event "Remembering Ruy Lopez"]
[Site "SchemingMind.com"]
[Date "2008.03.31"]
[Round "-"]
[White "mmccaffe"]
[Black "holandes"]
[Result "0-1"]
[WhiteCountry "USA"]
[BlackCountry "POR"]
[WhiteElo "1634"]
[WhiteRD "50"]
[BlackElo "1479"]
[BlackRD "79"]
[GameID "147865"]

1. e4 e5 2. Nf3 Nc6 3. Bb5 a6 4. Ba4 b5 5. Bb3 a5 6. c3 h6 7. O-O Ba6 8. Re1 Nf6 9. d4 Bd6 10. d5 Ne7
11. Nbd2 O-O 12. Nf1 c6 13. dxc6 Qc7 14. cxd7 Nxd7 15. Ng3 a4 16. Bc2 Rad8 17. Nf5 Nxf5 18. exf5 Rfe8 19. g3 Nf6 20. Nd2 Qc6
21. Qf3 Bb7 22. Qxc6 Bxc6 23. Ne4 Be7 24. f3 b4 25. c4 Rd4 26. Nxf6+ Bxf6 27. b3 axb3 28. axb3 Bxf3 29. Be3 Rg4 30. Bd1 Bxd1
31. Rexd1 h5 32. Bc5 e4 33. Bxb4 Bxa1
0-1